000 00451nam a2200157 a 4500
001 000037851
005 20201002031127.0
008 130307s2009 pr a 000 0 spa d
020 _a9789972080784
040 _aDO-SdBNP
_bspa
_cBNPHU
100 1 _aAlighieri, Dante
_964300
245 1 3 _aLa divina comedia /
_cDante Alighieri.
250 _a2a ed.
260 _aLima, Perú :
_bCorporación Editora Chirre,
_c2009.
300 _a161 p. :
_bils. ;
_c21 cm.
999 _c37341
_d37341